LIBRARY ONLINE CATALOGUE

Principles of marketing / (Record no. 10872)

MARC details
000 -LEADER
fixed length control field 00623cam a22002172 4500
001 - CONTROL NUMBER
control field 0000006101
005 - DATE AND TIME OF LATEST TRANSACTION
control field 20151217154357.0
008 - FIXED-LENGTH DATA ELEMENTS--GENERAL INFORMATION
fixed length control field 070914s xx 000 0 eng d
020 ## - INTERNATIONAL STANDARD BOOK NUMBER
International Standard Book Number 8129702010 :
Terms of availability KES 1,380
040 ## - CATALOGING SOURCE
Original cataloging agency KABU
Transcribing agency KABU
100 1# - MAIN ENTRY--PERSONAL NAME
Personal name Kotler, Philip.
-- 0000097559
245 10 - TITLE STATEMENT
Title Principles of marketing /
Statement of responsibility, etc. Philip Kotler, Gary Armstrong.
250 ## - EDITION STATEMENT
Edition statement 10th ed.
260 ## - PUBLICATION, DISTRIBUTION, ETC. (IMPRINT)
Place of publication, distribution, etc. Delhi :
Name of publisher, distributor, etc. Pearson,
Date of publication, distribution, etc. 2004.
300 ## - PHYSICAL DESCRIPTION
Extent 689 p.
650 #0 - SUBJECT ADDED ENTRY--TOPICAL TERM
Topical term or geographic name as entry element Marketing.
-- 0000151351
700 1# - ADDED ENTRY--PERSONAL NAME
Personal name Armstrong, Gary.
-- 0000097560
908 ## - PUT COMMAND PARAMETER (RLIN)
Put command parameter 070914
950 ## - LOCAL HOLDINGS (RLIN)
-- 1
Holdings
Withdrawn status Lost status Source of classification or shelving scheme Not for loan Home library Current library Date acquired Total Checkouts Full call number Barcode Date last seen Date last checked out Price effective from Koha item type
    Library of Congress Classification   Kabarak, Main Campus Kabarak, Main Campus 17/12/2015 6 HF5415 .K68 2004 c.1 004947 03/02/2022 17/01/2022 17/12/2015 General Collection